| 000 | 00531nam a2200229Ia 4500 | ||
|---|---|---|---|
| 008 | 210210b2005 xxu||||| |||| 00| 0 eng d | ||
| 020 | _a8181478150 | ||
| 041 | _aeng | ||
| 082 | _a581.8 SCHM | ||
| 100 | _aSCHULER (Mary A) | ||
| 245 | _aMethods in plant molecular biology | ||
| 260 |
_aUSA _bAcademic Press _c2005 |
||
| 300 | _axv,171 | ||
| 650 | _aplant | ||
| 650 | _amolecular | ||
| 650 | _aMethods | ||
| 650 | _ain | ||
| 650 | _abiology | ||
| 690 | _aBotany | ||
| 700 | _aZIELINSKI (Raymond E) | ||
| 906 | _a063754 | ||
| 999 |
_c138861 _d138861 |
||